Capitals of Landlocked Countries - Sudden Death - Statistics

General Stats
  • This quiz has been taken 114 times
  • The average score is 9 of 15
Answers on the Grid
Answers color-coded by a green-red scale on the quiz's grid according to % correct below.
Addis Ababa
Amman
Asmara
Astana
Baghdad
Bangui
Bratislava
Budapest
Chisinau
Dhaka
Dili
Dodoma
Gaborone
Georgetown
Kigali
La Paz
Lilongwe
Maputo
Monrovia
N'Djamena
Ouagadougou
Prague
Riga
Santiago
Sarajevo
Sofia
Tashkent
Tbilisi
Vientiane
Warsaw
 
Answer Stats
Answer % Correct
Addis Ababa
85%
Prague
72%
Bratislava
66%
Budapest
65%
Chisinau
65%
Astana
62%
La Paz
62%
Ouagadougou
61%
Tashkent
61%
N'Djamena
58%
Kigali
56%
Gaborone
55%
Bangui
54%
Lilongwe
54%
Vientiane
42%
No matching quizzes found
Score Distribution
Percent of People with Each Score
Percentile by Number Answered
Your Score History
You have not taken this quiz